000 00848nam1a22002171i 4500
001 rc\2853497
005 20260407105801.0
035 _a(NLR Aleph) 007008242
090 _a5788030
_c5788030
100 _a20110706d1927 |||y0rusy50 ca
101 0 _arus
102 _aRU
105 _ay i |||||
200 1 _aСтатистический ежегодник за 1926 год
_eСамарская губерния. Вып. 1-
_fСССР. Стат. отд. Сам. губисполкома
210 _aСамара
_cБ. и.
_d1927
_gтип. № 1 им. т. Мяги "Самполиграфпрома"
215 _d26х18 см
710 0 2 _aСамарский губернский статистический отдел
_3RU\NLR\AUTH\8810061529
_9624530
801 0 _aRU
_bNLR
_gpsbo
801 1 _aRU
_bELAR
_2rusmarc
852 _aNLR
_j42/523
942 _cBOOK